000 00834nam a2200217 a 4500
001 000024877
005 20250429110432.0
008 110207s1968 sp ab r 000 0 spa d
040 _aDO-SdBNP
_bspa
_cBNPHU
082 _a943
_bM684p
100 1 _aMitre Fernández, Emilio,
_d1941-
_951057
245 1 0 _aLos germanos y las grandes invasiones /
_cEmilio Mitre Fernández.
260 _aBilbao, (España) :
_bEdiciones Moreton,
_c1968.
300 _a155 p. :
_bil. , mapas ;
_c17 cm.
490 1 _aPanoramas de la historia universal
_aBiblioteca de divulgación cultural
_v15
504 _aIncluye referencias bibliográficas (p. [153]-155)
651 4 _aAlemania
_xHistoria
_97514
650 0 _aHistoria universal
_9933
830 0 _aPanoramas de la historia universal ;
_pBiblioteca de divulgación cultural
_v15
_951058
049 _aBNGR
999 _c24370
_d24370